| 000 | 00502nam a22001577a 4500 | ||
|---|---|---|---|
| 999 |
_c20913 _d20913 |
||
| 005 | 20200326085827.0 | ||
| 008 | 200325b ||||| |||| 00| 0 spa d | ||
| 040 |
_aCO-BoIAVH _cCO-BoIAVH |
||
| 041 | _aspa | ||
| 044 | _ack | ||
| 110 |
_aSociedad de Agricultores de Colombia (SAC) _980036 |
||
| 245 |
_aRevista Nacional de Agricultura _cSociedad de Agricultores de Colombia (SAC) |
||
| 260 |
_a:Bogotá _b,Sociedad de Agricultores de Colombia (SAC) _c1906 |
||
| 300 | _a33 páginas | ||
| 942 |
_2z _cREVISTA |
||